00321nam a2200121Ia 4500008004100000041000800041082001500049100003400064245003800098260003300136300002300169365000700192240624s9999 xx 000 0 und d aeng a891.46 DES aDESHPANDEY PURUSHOTTAM LAXMAN aMARATHI WAADMYACHA GAADIV ITIHAAS c2011aMumbaibMouj Prakashan a76 : p. : cm. ; 21 cRS